Online
Catalog

En busca de mis sueños perdidos : (Record no. 44610)

MARC details
000 -CABECERA
campo de control de longitud fija 00695nam a2200169 a 4500
001 - NÚMERO DE CONTROL
campo de control 000045121
005 - FECHA Y HORA DE LA ÚLTIMA TRANSACCIÓN
campo de control 20201002045909.0
008 - DATOS DE LONGITUD FIJA--INFORMACIÓN GENERAL
campo de control de longitud fija 150204s2009 dr a 000 0 spa d
040 ## - FUENTE DE LA CATALOGACIÓN
Centro catalogador/agencia de origen DO-SdBNP
Lengua de catalogación spa
Centro/agencia transcriptor BNPHU
082 ## - NÚMERO DE LA CLASIFICACIÓN DECIMAL DEWEY
Número de clasificación xxxx
Número de documento/Ítem xxxx
100 1# - ENTRADA PRINCIPAL--NOMBRE DE PERSONA
Nombre de persona Almont, Miguel
Forma completa/desarrollada del nombre Genao Almonte, Alberto Miguel
9 (RLIN) 73137
245 10 - MENCIÓN DE TÍTULO
Título En busca de mis sueños perdidos :
Resto del título la historia de Pamela y pelusa /
Mención de responsabilidad, etc. Alberto Miguel Genao Almonte (Miguel Almont) ; prólogo Otto A. Vásquez ; ilustración Braulio Jorge Estrella.
260 ## - PUBLICACIÓN, DISTRIBUCIÓN, ETC.
Lugar de publicación, distribución, etc. [s. l.] :
Nombre del editor, distribuidor, etc. Imprenta Luger,
-- Cosbenatur,
Fecha de publicación, distribución, etc. 2009.
300 ## - DESCRIPCIÓN FÍSICA
Extensión 47 p. :
Otras características físicas il. ;
Dimensiones 20 cm.
700 1# - PUNTO DE ACCESO ADICIONAL--NOMBRE DE PERSONA
Nombre de persona Vásquez, Otto A.,
Término indicativo de función/relación pról.
9 (RLIN) 73138
700 1# - PUNTO DE ACCESO ADICIONAL--NOMBRE DE PERSONA
Nombre de persona Estrella, Braulio Jorge,
Término indicativo de función/relación il.
9 (RLIN) 73139
Holdings
Estado de retiro Estado de pérdida Restricciones de uso No para préstamo Código de colección Localización permanente Ubicación/localización actual Ubicación en estantería Fecha de adquisición Número de inventario Total de préstamos Signatura topográfica completa Código de barras Fecha visto por última vez Número de copia Precio válido a partir de Tipo de ítem Koha
        Dominicana de Servicio General General Depósito 15.02.2017 LF1   xxxx xxxx 45121-30 25.06.2020 e. 3 25.06.2020 Libro y Folleto Colección Dominicana de Servicio
      Excluido de préstamo Patrimonio Dominicano Patrimonio Dominicano Patrimonio Dominicano Depósito 04.02.2015 LF1   xxxx xxxx 45121-10 25.06.2020   25.06.2020 Libro y Folleto Colección Patrimonio Dominicano
      Excluido de préstamo Patrimonio Dominicano Patrimonio Dominicano Patrimonio Dominicano Depósito 15.02.2017 LF1   xxxx xxxx 45121-20 25.06.2020 e. 2 25.06.2020 Libro y Folleto Colección Patrimonio Dominicano

Powered by Koha